00342nam a2200133Ia 4500008004100000020001500041041001200056082001600068100001500084245006000099260002500159300000800184650001600192221030s9999 xx 000 0 und d a8120309294 aEnglish a105.23bJai aA. K. Jain 0aFundamentals of Digital Image Processingcby A. K. Jain bPHIaNew Delhic1997 a569 aBE Computer